00452 2200169 4500001002100000008004100021035002000062245007300082100002000155250000600175260004200181300001200223084001400235082000800249650001300257990001200270INLIS000000000000761 ind  a0010-0424000737 aSiap Menghadapi Olimpiade Komputer ( OSK, OSP, OSN )cAnifuddin Aziz aAziz, Anifuddin a1 aJakarta :bBina Prestasi Insanic2015 a227 hlm a600 ANI k a600 aNonfiksi a0739652